[Event "SF Gerresheim 1 - SV Kamen 1"]
[Site "NRW-Klasse, Gruppe 2 2016/201"]
[Date "2016.09.25"]
[Round "1.6"]
[White "Volkov, Mykyta"]
[Black "Kilian, Ralf"]
[Result "1/2-1/2"]
[WhiteElo "2175"]
[BlackElo "2110"]
[PlyCount "96"]
[EventDate "2016.??.??"]
[WhiteTeam "SF Gerresheim 1"]
[BlackTeam "SV Kamen 1"]

1. d4 d5 2. c4 e6 3. Nc3 c5 4. cxd5 cxd4 5. Qa4+ Bd7 6. Qxd4 exd5 7. Qxd5 Nc6
8. a3 Nf6 9. Qd3 Bc5 10. Nf3 Qb6 11. e3 Rd8 12. Qc2 Be7 13. Be2 O-O 14. O-O Bg4
15. b4 Bxf3 16. Bxf3 Ne5 17. Be2 Qc7 18. h3 Rc8 19. Bb2 a6 20. Rac1 Rfd8 21.
Qb3 Nd3 22. Bxd3 Rxd3 23. Rfd1 Qd7 24. Rxd3 Qxd3 25. Rd1 Qf5 26. Rd4 h6 27. Rf4
Qe6 28. Qxe6 fxe6 29. Rd4 Kf7 30. f4 Rc7 31. e4 Nd7 32. Rd2 Nb6 33. Ne2 Nc4 34.
Rc2 b5 35. Kf2 Rd7 36. Bc1 Rd3 37. Rc3 Bh4+ 38. g3 Bxg3+ 39. Kg2 Rxc3 40. Nxc3
Be1 41. Ne2 Bd2 42. Bxd2 Nxd2 43. Nc3 g5 44. fxg5 hxg5 45. Kg3 Kg6 46. Kg4 Kf6
47. e5+ Kg6 48. a4 Nc4 1/2-1/2

[Event "SF Gerresheim 1 - SV Kamen 1"]
[Site "NRW-Klasse, Gruppe 2 2016/201"]
[Date "2016.09.25"]
[Round "1.7"]
[White "Seepe, Udo"]
[Black "Van Lanen, Toon"]
[Result "1/2-1/2"]
[WhiteElo "2062"]
[BlackElo "2075"]
[PlyCount "60"]
[EventDate "2016.??.??"]
[WhiteTeam "SV Kamen 1"]
[BlackTeam "SF Gerresheim 1"]

1. Nf3 d5 2. d4 c5 3. c4 e6 4. cxd5 exd5 5. Nc3 Nc6 6. g3 Nf6 7. Bg2 Be7 8. O-O
O-O 9. dxc5 Bxc5 10. Bg5 d4 11. Bxf6 Qxf6 12. Ne4 Qe7 13. Nxc5 Qxc5 14. Ne1 Re8
15. Nd3 Qb6 16. Qd2 Bf5 17. Nf4 Be4 18. Rac1 Bxg2 19. Kxg2 Re5 20. h4 Rae8 21.
Rc4 h6 22. b4 Qb5 23. Rfc1 g5 24. hxg5 hxg5 25. Nh5 R8e6 26. Rc5 Qxb4 27. Qxb4
Nxb4 28. Rc8+ Kh7 29. Rh1 Rxe2 30. g4 Re7 1/2-1/2

[Event "SF Gerresheim 1 - SV Kamen 1"]
[Site "NRW-Klasse, Gruppe 2 2016/201"]
[Date "2016.09.25"]
[Round "1.8"]
[White "Selten, Jan"]
[Black "Traunecker, Thomas"]
[Result "1/2-1/2"]
[WhiteElo "2071"]
[BlackElo "1868"]
[PlyCount "51"]
[EventDate "2016.??.??"]
[WhiteTeam "SF Gerresheim 1"]
[BlackTeam "SV Kamen 1"]

1. e4 c5 2. Nf3 Nf6 3. Nc3 Nc6 4. d4 d5 5. exd5 Nxd5 6. Bb5 Nxc3 7. bxc3 a6 8.
Bxc6+ bxc6 9. O-O Bg4 10. h3 Bxf3 11. Qxf3 Qd5 12. Qe2 e6 13. Rb1 Be7 14. Rb7
Bf6 15. Ba3 O-O 16. Bxc5 Rfe8 17. c4 Qf5 18. Rc7 Qf4 19. Rxc6 Bxd4 20. Bxd4
Qxd4 21. Qd3 Qe5 22. Rd1 Qa5 23. a3 Rad8 24. Rd6 Ra8 25. Rb1 h6 26. Rb7 1/2-1/2

[Event "SK Münster 2 - SC Rochade Emsdetten 1"]
[Site "NRW-Klasse, Gruppe 2 2016/201"]
[Date "2016.09.25"]
[Round "1.1"]
[White "Kabatianski, Alexander"]
[Black "Emunds, Hans Georg"]
[Result "1-0"]
[WhiteElo "2332"]
[BlackElo "2119"]
[PlyCount "107"]
[EventDate "2016.??.??"]
[WhiteTeam "SC Rochade Emsdetten 1"]
[BlackTeam "SK Münster 2"]

1. d4 Nf6 2. c4 e6 3. g3 Bb4+ 4. Nd2 c5 5. Ngf3 cxd4 6. Nxd4 Nc6 7. Nc2 Be7 8.
Bg2 d5 9. cxd5 Nxd5 10. O-O O-O 11. Nb3 Ndb4 12. Nxb4 Nxb4 13. Bd2 Bd7 14. Bxb7
Rb8 15. Bf3 Ba4 16. Bf4 Rc8 17. Bb7 Qxd1 18. Rfxd1 Rcd8 19. Rd2 Bxb3 20. axb3
Bc5 21. Rad1 Rxd2 22. Rxd2 Re8 23. Rd7 h6 24. h4 e5 25. Bd2 Re7 26. Rd8+ Kh7
27. Be4+ g6 28. Rc8 Bd6 29. g4 Kg7 30. Kg2 Rd7 31. h5 gxh5 32. gxh5 Na6 33. Be3
Be7 34. Rc6 Rd6 35. Bxa7 Rxc6 36. Bxc6 f5 37. e4 f4 38. Bd5 Kf6 39. Kf3 Kg5 40.
Bf7 Kf6 41. Be8 Ke6 42. Bb6 Nb4 43. Ke2 Na6 44. Bb5 Bc5 45. Bd8 Nb4 46. Bc4+
Kd6 47. Bf6 Nc6 48. Bg7 Nd4+ 49. Kf1 Nf3 50. Bf8+ Kc6 51. Bd5+ Kb5 52. Bxh6
Nh2+ 53. Kg2 Ng4 54. Bg7 1-0

[Event "SK Münster 2 - SC Rochade Emsdetten 1"]
[Site "NRW-Klasse, Gruppe 2 2016/201"]
[Date "2016.09.25"]
[Round "1.2"]
[White "Wieder, Heiner"]
[Black "Hiller, Simon"]
[Result "0-1"]
[WhiteElo "2105"]
[BlackElo "2156"]
[PlyCount "64"]
[EventDate "2016.??.??"]
[WhiteTeam "SK Münster 2"]
[BlackTeam "SC Rochade Emsdetten 1"]

1. e4 c6 2. d4 d5 3. e5 c5 4. dxc5 e6 5. Be3 Nh6 6. c3 Nf5 7. Bd4 Bd7 8. Nf3
Nc6 9. Bd3 Nfxd4 10. cxd4 b6 11. cxb6 Qxb6 12. O-O Qxb2 13. Nbd2 Nxd4 14. Nxd4
Qxd4 15. Nf3 Qa4 16. Qe2 Be7 17. Rab1 O-O 18. Bc2 Qa5 19. Rb7 Qd8 20. Nd4 Rc8
21. Rd1 Rc7 22. Rb3 g6 23. Rh3 Re8 24. f4 Rc4 25. Kh1 Qb6 26. Rb3 Qc5 27. Rbd3
Bb5 28. Nxb5 Rxc2 29. R3d2 Rxd2 30. Rxd2 Rb8 31. Nd4 Rb1+ 32. Rd1 Qc1 0-1

[Event "SK Münster 2 - SC Rochade Emsdetten 1"]
[Site "NRW-Klasse, Gruppe 2 2016/201"]
[Date "2016.09.25"]
[Round "1.3"]
[White "De Groote, Ewoud"]
[Black "Mueschenich, Stefan"]
[Result "1-0"]
[WhiteElo "2275"]
[BlackElo "2078"]
[Annotator "Hausrath,Daniel"]
[PlyCount "119"]
[EventDate "2016.??.??"]
[WhiteTeam "SC Rochade Emsdetten 1"]
[BlackTeam "SK Münster 2"]

1. e4 Nf6 2. e5 Nd5 3. d4 d6 4. Nf3 Bg4 5. Be2 c6 6. O-O Bxf3 7. Bxf3 dxe5 8.
dxe5 e6 9. Qe2 Nd7 10. b3 Qc7 11. Bb2 Nf4 12. Qe4 Ng6 13. Re1 O-O-O $11 14. g3
Bc5 15. Kg2 Qb6 16. Nc3 Qb4 17. a3 Qd4 18. Nd1 Qxe4 19. Rxe4 Bb6 20. Bh5 Bc7
21. f4 Nc5 22. Re2 Rd7 23. Nf2 Rhd8 24. Bc3 a5 25. b4 Na4 26. Be1 axb4 27. axb4
Nb6 28. Nd3 Kb8 29. Bf2 Nc4 30. Bf3 Ne7 31. b5 Bb6 32. bxc6 Nxc6 33. Ra4 Bxf2
34. Bxc6 bxc6 35. Rxc4 Bb6 36. Rxc6 Kb7 37. Rc4 Rd5 38. Re1 Rb5 39. Ra1 Rd7 40.
Kf3 f5 41. Raa4 Rc7 42. Rxc7+ Kxc7 43. Ra1 Rd5 44. Ra8 Rd4 45. Ke2 Re4+ 46. Kf1
Rc4 47. Ne1 g6 48. Rh8 Ba5 49. Rxh7+ Kc6 50. Nf3 Bb6 51. Re7 Bc5 52. Rxe6+ Kd5
53. Rxg6 Rxc2 54. Ng5 Rf2+ 55. Ke1 Rxh2 56. Rf6 Bf2+ 57. Kd1 Bxg3 58. Rxf5 Bxf4
59. e6+ Kd6 60. Rxf4 1-0

[Event "SK Münster 2 - SC Rochade Emsdetten 1"]
[Site "NRW-Klasse, Gruppe 2 2016/201"]
[Date "2016.09.25"]
[Round "1.5"]
[White "Paalman, Henk-Jan"]
[Black "Neuer, Thomas"]
[Result "1/2-1/2"]
[WhiteElo "2132"]
[BlackElo "2081"]
[Annotator "Hausrath,Daniel"]
[PlyCount "99"]
[EventDate "2016.??.??"]
[WhiteTeam "SC Rochade Emsdetten 1"]
[BlackTeam "SK Münster 2"]

1. d4 e6 2. c4 Bb4+ 3. Bd2 a5 4. Nf3 d6 5. g3 Nf6 6. Bg2 Nc6 7. O-O e5 8. Bg5
exd4 9. Nxd4 Nxd4 10. Qxd4 h6 11. Bxf6 Qxf6 12. Qxf6 gxf6 13. a3 Bc5 14. Nc3 c6
15. e3 Ke7 16. Na4 Be6 17. Rfc1 Ra6 $11 18. Bf1 Rc8 19. Bd3 Bd7 20. Rcb1 Rca8
21. Nc3 Be6 22. Rd1 Rd8 23. Rd2 Raa8 24. Rad1 Rd7 25. Be2 Rad8 26. Kg2 Ra8 27.
e4 Rdd8 28. f4 Be3 29. Rc2 f5 30. exf5 Bxf5 31. Bd3 Bxd3 32. Rxd3 Bc5 33. Re2+
Kf8 34. Ne4 b5 $11 35. cxb5 cxb5 36. Rd5 Rac8 37. Kf3 Rc6 38. Red2 Re8 39. f5
b4 40. a4 b3 41. R2d3 Rb8 42. Nxd6 Bxd6 43. Rxd6 Rc2 44. Rd8+ Rxd8 45. Rxd8+
Kg7 46. h4 Rxb2 47. Rd5 Rb1 48. Kg2 b2 49. Rb5 h5 50. Rb6 1/2-1/2

[Event "SK Münster 2 - SC Rochade Emsdetten 1"]
[Site "NRW-Klasse, Gruppe 2 2016/201"]
[Date "2016.09.25"]
[Round "1.6"]
[White "Quante, Lennart"]
[Black "Mueller, Achim"]
[Result "1-0"]
[WhiteElo "1996"]
[BlackElo "2034"]
[Annotator "Hausrath,Daniel"]
[PlyCount "121"]
[EventDate "2016.??.??"]
[WhiteTeam "SK Münster 2"]
[BlackTeam "SC Rochade Emsdetten 1"]

1. d4 f5 2. c4 Nf6 3. Nc3 d6 4. Qb3 g6 5. Nf3 Bg7 6. h3 e6 7. Bg5 h6 8. Bxf6
Bxf6 9. e4 O-O 10. O-O-O Nc6 11. g4 fxg4 12. hxg4 Bg7 13. Ne2 Na5 14. Qc3 c5
$11 15. e5 Qb6 16. Nh4 cxd4 17. Qxd4 dxe5 18. Qxb6 axb6 19. Nxg6 Rxf2 20. Nc3
Nc6 21. Ne4 Rf7 22. Bd3 Nd4 23. Nd6 Rf2 24. Rhf1 Ne2+ 25. Kd2 Rxf1 26. Rxf1 Nf4
27. Ne7+ Kf8 28. Nexc8 Rxa2 29. Ne4 Rxb2+ 30. Kc3 Rg2 31. Ra1 Rxg4 32. Ra8 Nxd3
33. Ncd6+ Ke7 34. Kxd3 h5 35. Rb8 Kd7 36. Nb5 h4 37. Rxb7+ Ke8 38. Nc7+ Kf7 39.
Nd5+ Kg6 40. Ne3 Rg1 41. Rxb6 Rc1 42. Rb2 Bh6 43. Rg2+ Kf7 44. Rh2 Kg6 45. Rg2+
Kf7 46. Rg4 Re1 47. Nc2 Rd1+ 48. Ke2 Rc1 49. Rxh4 Bf4 50. Kd3 Rd1+ 51. Kc3 Kg6
52. Rh3 Rd8 53. Rd3 Rc8 54. Na3 Bh6 55. Nb5 Bf8 56. Rg3+ Kf5 57. Nbd6+ Bxd6 58.
Nxd6+ Kf4 59. Nxc8 Kxg3 60. Kd3 Kf4 61. Nd6 1-0

[Event "SK Münster 2 - SC Rochade Emsdetten 1"]
[Site "NRW-Klasse, Gruppe 2 2016/201"]
[Date "2016.09.25"]
[Round "1.7"]
[White "Lemli, Thomas"]
[Black "Austrup, David"]
[Result "1/2-1/2"]
[WhiteElo "1999"]
[BlackElo "1867"]
[PlyCount "179"]
[EventDate "2016.??.??"]
[WhiteTeam "SC Rochade Emsdetten 1"]
[BlackTeam "SK Münster 2"]

1. Nf3 Nf6 2. c4 g6 3. Nc3 Bg7 4. e4 d6 5. d4 O-O 6. h3 e5 7. d5 Nh5 8. g3 Na6
9. Be2 f5 10. exf5 gxf5 11. Ng5 Nf6 12. g4 f4 13. Nge4 Nxe4 14. Nxe4 Nc5 15.
Bf3 Qh4 16. Nxc5 dxc5 17. Be4 f3 18. Be3 Bxg4 19. Qc2 Bd7 20. O-O-O Rab8 21.
Rhg1 b5 22. Rg3 Kh8 23. Kb1 bxc4 24. Bg5 Qxe4 25. Qxe4 Bf5 26. Re1 Bxe4+ 27.
Rxe4 c3 28. b3 Rb4 29. Rgg4 Rd4 30. Be7 Rf4 31. Rexf4 exf4 32. Bxc5 Rxd5 33.
Bxa7 Rd1+ 34. Kc2 Rd2+ 35. Kb1 Rd1+ 36. Kc2 Rd2+ 37. Kb1 Rb2+ 38. Kc1 Rxa2 39.
Bc5 Bf6 40. b4 Re2 41. Rg1 c2 42. Rg4 Bc3 43. Rg5 c6 44. h4 h6 45. Rf5 Kg7 46.
h5 Bf6 47. Bb6 Bc3 48. Bc5 Bd2+ 49. Kxc2 Bxb4+ 50. Kd3 Bxc5 51. Rxc5 Re6 52.
Rc4 Kf6 53. Rxf4+ Kg5 54. Rxf3 Kxh5 55. Rg3 Rg6 56. Rh3+ Kg4 57. Rg3+ Kf5 58.
Rh3 Kf4 59. Kd4 Rf6 60. Kd3 Rd6+ 61. Ke2 c5 62. Rc3 Rd5 63. Rc4+ Kf5 64. Ke3 h5
65. Kf3 Ke5 66. Ke3 Kd6 67. f4 Ke6 68. Ke4 h4 69. Rc1 Rh5 70. Kf3 Kd5 71. Kg4
Rh8 72. Rd1+ Kc6 73. Kh3 c4 74. f5 Kc5 75. Rd7 c3 76. Rc7+ Kd4 77. f6 Kd3 78.
Rd7+ Ke2 79. Re7+ Kd2 80. Rd7+ Kc1 81. f7 c2 82. Re7 Kb2 83. Rb7+ Kc3 84. Rc7+
Kd2 85. Rd7+ Kc1 86. Re7 Rf8 87. Kxh4 Kd2 88. Rd7+ Ke3 89. Rc7 Kf4 90. Rc4+
1/2-1/2

[Event "SK Münster 2 - SC Rochade Emsdetten 1"]
[Site "NRW-Klasse, Gruppe 2 2016/201"]
[Date "2016.09.25"]
[Round "1.8"]
[White "Kaufhold, Thomas"]
[Black "Lehmann, Mona"]
[Result "1-0"]
[WhiteElo "2037"]
[BlackElo "1922"]
[PlyCount "67"]
[EventDate "2016.??.??"]
[WhiteTeam "SK Münster 2"]
[BlackTeam "SC Rochade Emsdetten 1"]

1. d4 Nf6 2. c4 g6 3. Nc3 d5 4. Bf4 Bg7 5. Nf3 c6 6. e3 Qa5 7. Qb3 O-O 8. Be2
dxc4 9. Bxc4 b5 10. Bxf7+ Rxf7 11. Bxb8 e6 12. Bd6 Qd8 13. Bg3 Qe8 14. Ng5 Rb7
15. Nce4 Nxe4 16. Nxe4 Rd7 17. O-O a5 18. Rac1 Rd5 19. Qc3 Bd7 20. a3 a4 21.
Be5 Qe7 22. Nc5 Be8 23. e4 Rdd8 24. Bxg7 Kxg7 25. d5+ Kg8 26. dxe6 Rd6 27. f4
Qg7 28. e5 Rdd8 29. Ne4 Rac8 30. Rf3 Qe7 31. Rh3 Qxe6 32. Nf6+ Kf8 33. Qc5+ Qe7
34. Nxh7+ 1-0

[Event "SV Erkenschwick 1 - SG Bochum 2"]
[Site "NRW-Klasse, Gruppe 2 2016/201"]
[Date "2016.09.25"]
[Round "1.1"]
[White "Tkachuk, Konstantyn"]
[Black "Willemze, Thomas"]
[Result "0-1"]
[WhiteElo "2247"]
[BlackElo "2366"]
[Annotator "Hausrath,Daniel"]
[PlyCount "94"]
[EventDate "2016.??.??"]
[WhiteTeam "SG Bochum 2"]
[BlackTeam "SV Erkenschwick 1"]

1. e4 d5 2. exd5 Qxd5 3. Nc3 Qa5 4. h3 c6 5. Nf3 Nf6 6. d4 Bf5 7. Bd3 Bxd3 8.
Qxd3 e6 9. O-O Bb4 10. Ne5 Nbd7 11. Nxd7 Nxd7 12. Qg3 Bxc3 13. bxc3 O-O-O 14.
Qxg7 Qf5 15. Qg5 Qxc2 16. Qa5 Qf5 17. Qxf5 exf5 18. Re1 Rde8 19. Rxe8+ Rxe8 20.
Kf1 Nb6 21. Bd2 Nc4 22. Bf4 Re4 23. g3 Kd7 24. Re1 Ke6 25. f3 $11 Rxe1+ 26.
Kxe1 Kd5 27. Ke2 a5 28. Kd3 a4 29. Bg5 b5 30. Be7 Ke6 31. Bd8 Kd6 32. Bf6 Nb6
33. Bd8 Nd5 34. Bg5 Ke6 35. Bd8 Kd7 36. Bg5 Nb6 37. Bf4 Nc4 38. Bg5 Kd6 39.
Bf4+ Kd5 40. Bg5 c5 41. Bf6 b4 42. dxc5 b3 43. axb3 axb3 44. Be7 f4 45. gxf4
Ke6 46. Bg5 f5 47. c6 Na3 0-1

[Event "SV Erkenschwick 1 - SG Bochum 2"]
[Site "NRW-Klasse, Gruppe 2 2016/201"]
[Date "2016.09.25"]
[Round "1.2"]
[White "Jens, Jelmer"]
[Black "Baltic, Fatih"]
[Result "0-1"]
[WhiteElo "2373"]
[BlackElo "2141"]
[Annotator "Hausrath,Daniel"]
[PlyCount "62"]
[EventDate "2016.??.??"]
[WhiteTeam "SV Erkenschwick 1"]
[BlackTeam "SG Bochum 2"]

1. e4 c5 2. Nf3 d6 3. d4 cxd4 4. Nxd4 Nf6 5. Nc3 a6 6. Bg5 Nbd7 7. Bc4 Qb6 8.
O-O e6 9. Re1 Qc5 10. Bd5 Be7 11. Be3 Qa5 12. Bxe6 fxe6 13. Nxe6 Nf8 14. Nxg7+
Kf7 15. Nd5 Bg4 16. f3 Nxd5 17. exd5 Bf6 18. Ne6 Bxe6 19. dxe6+ Nxe6 20. Qxd6
Rad8 21. Qg3 Qf5 22. c3 Rd3 23. Qf2 $11 Rhd8 24. g4 Qd5 25. f4 Rg8 26. h3 h5
27. g5 Nxf4 28. Kh2 Rxg5 29. Bxf4 Rf3 30. Qd2 Qxd2+ 31. Bxd2 Rf2+ 0-1

[Event "SV Erkenschwick 1 - SG Bochum 2"]
[Site "NRW-Klasse, Gruppe 2 2016/201"]
[Date "2016.09.25"]
[Round "1.3"]
[White "Rempe, Moritz"]
[Black "Erwich, Frank"]
[Result "0-1"]
[WhiteElo "2031"]
[BlackElo "2307"]
[PlyCount "70"]
[EventDate "2016.??.??"]
[WhiteTeam "SG Bochum 2"]
[BlackTeam "SV Erkenschwick 1"]

1. e4 e5 2. Nf3 Nc6 3. Bc4 Nf6 4. Nc3 Nxe4 5. Nxe4 d5 6. Bxd5 Qxd5 7. d3 Bg4 8.
h3 Bh5 9. Be3 f5 10. Nc3 Bb4 11. Nd2 Bxc3 12. Qxh5+ g6 13. Qf3 Bxd2+ 14. Bxd2
Qxf3 15. gxf3 Nd4 16. O-O-O Nxf3 17. Bc3 O-O-O 18. h4 Rhe8 19. Rh3 e4 20. dxe4
Rxd1+ 21. Kxd1 fxe4 22. h5 Rd8+ 23. Kc1 g5 24. Rg3 Rd6 25. Bg7 Kd7 26. Bf8 Rf6
27. Bg7 Rf4 28. b3 Rh4 29. h6 Ke6 30. Rg2 Kf5 31. c4 Rh1+ 32. Kb2 Re1 33. a3
Re2+ 34. Kc3 c5 35. Bf8 Ne1 0-1

[Event "SV Erkenschwick 1 - SG Bochum 2"]
[Site "NRW-Klasse, Gruppe 2 2016/201"]
[Date "2016.09.25"]
[Round "1.4"]
[White "Van Beek, Alexander"]
[Black "Koellner, Ruben Gideon"]
[Result "1/2-1/2"]
[WhiteElo "2235"]
[BlackElo "2009"]
[PlyCount "98"]
[EventDate "2016.??.??"]
[WhiteTeam "SV Erkenschwick 1"]
[BlackTeam "SG Bochum 2"]

1. Nf3 d6 2. d4 Nf6 3. c4 Nbd7 4. Nc3 e5 5. g3 Be7 6. Bg2 c6 7. O-O O-O 8. Qc2
Qc7 9. b3 Re8 10. Rd1 Bf8 11. e3 e4 12. Ne1 d5 13. cxd5 cxd5 14. Nxe4 Qxc2 15.
Nxf6+ Nxf6 16. Nxc2 Bf5 17. Ne1 Rac8 18. Bb2 Bb4 19. Rac1 Bg4 20. f3 Bf5 21.
Nd3 Ba5 22. g4 Bg6 23. g5 Nh5 24. f4 Rxc1 25. Bxc1 Bxd3 26. Rxd3 Nxf4 27. exf4
Re1+ 28. Kf2 Rxc1 29. Bxd5 Rc2+ 30. Kg3 Rc3 31. Be4 Rxd3+ 32. Bxd3 f6 33. gxf6
gxf6 34. Kg4 Bb6 35. d5 Bc7 36. h4 Bd6 37. h5 h6 38. Bg6 Kf8 39. Kf5 Ke7 40.
Ke4 Bc7 41. Bf5 Bd6 42. Bc8 b6 43. Ba6 Bc7 44. f5 Be5 45. Kd3 Kd6 46. Kc4 Kc7
47. Bb5 a5 48. Be8 Bd6 49. Kb5 Bc5 1/2-1/2

[Event "SV Erkenschwick 1 - SG Bochum 2"]
[Site "NRW-Klasse, Gruppe 2 2016/201"]
[Date "2016.09.25"]
[Round "1.5"]
[White "Stricker, Florian"]
[Black "Langers, Alexander"]
[Result "1-0"]
[WhiteElo "1994"]
[BlackElo "2178"]
[PlyCount "73"]
[EventDate "2016.??.??"]
[WhiteTeam "SG Bochum 2"]
[BlackTeam "SV Erkenschwick 1"]

1. d4 Nf6 2. Nf3 g6 3. g3 Bg7 4. Bg2 O-O 5. O-O d6 6. Re1 Nc6 7. e4 e5 8. c3
Re8 9. dxe5 dxe5 10. Qc2 Qe7 11. Nbd2 b6 12. Nf1 Bb7 13. Bg5 h6 14. Bxf6 Qxf6
15. Ne3 Rad8 16. h4 h5 17. Nd5 Qd6 18. Rad1 Ne7 19. Ne3 Qe6 20. Ng5 Qf6 21. Qa4
a6 22. Qc4 c6 23. Bh3 b5 24. Qb3 c5 25. Bd7 Rf8 26. a4 Bh6 27. axb5 Bxg5 28.
hxg5 Qf3 29. Bh3 h4 30. Bg2 Qh5 31. Rxd8 Rxd8 32. bxa6 Bc6 33. Qb6 Rd2 34. Qb8+
Kh7 35. Qxe5 hxg3 36. Qxg3 Rxb2 37. Bf3 1-0

[Event "SV Erkenschwick 1 - SG Bochum 2"]
[Site "NRW-Klasse, Gruppe 2 2016/201"]
[Date "2016.09.25"]
[Round "1.6"]
[White "Homs, Guust"]
[Black "Tkachuk, Sergij"]
[Result "1-0"]
[WhiteElo "2138"]
[BlackElo "2102"]
[PlyCount "51"]
[EventDate "2016.??.??"]
[WhiteTeam "SV Erkenschwick 1"]
[BlackTeam "SG Bochum 2"]

1. e4 c5 2. c3 g6 3. d4 cxd4 4. cxd4 d5 5. exd5 Nf6 6. Bb5+ Nbd7 7. Nc3 a6 8.
Be2 Nb6 9. Bf3 Nfxd5 10. Nge2 Bg7 11. O-O O-O 12. Bg5 f6 13. Bd2 Be6 14. Ne4
Bf7 15. Ba5 Qb8 16. Rc1 Qa7 17. Nc5 Bh6 18. Bd2 Bxd2 19. Qxd2 Rfd8 20. Rfe1
Rac8 21. Nf4 Rc7 22. Nfe6 Bxe6 23. Nxe6 Rxc1 24. Qxc1 Rd6 25. Bxd5 Rxd5 26. Qh6
1-0

[Event "SV Erkenschwick 1 - SG Bochum 2"]
[Site "NRW-Klasse, Gruppe 2 2016/201"]
[Date "2016.09.25"]
[Round "1.7"]
[White "Haase, Thomas"]
[Black "Eggenstein, Frank"]
[Result "1/2-1/2"]
[WhiteElo "2014"]
[BlackElo "2010"]
[Annotator "Hausrath,Daniel"]
[PlyCount "87"]
[EventDate "2016.??.??"]
[WhiteTeam "SG Bochum 2"]
[BlackTeam "SV Erkenschwick 1"]

1. d4 Nf6 2. Nc3 e6 3. e4 d5 4. exd5 exd5 5. Bd3 Nc6 6. Nge2 a6 7. Bg5 Be7 8.
Qd2 Nb4 9. f3 Nxd3+ 10. Qxd3 c6 11. O-O-O b5 12. Kb1 O-O 13. Ng3 Ra7 14. Nf5
Bxf5 15. Qxf5 Ne8 16. h4 Nd6 17. Qg4 Qc8 18. Qg3 Nf5 19. Qf2 Qd8 20. g4 Nd6 21.
Ne2 a5 22. Nf4 b4 23. Nd3 Nc4 24. Ne5 Rc7 25. Bf4 Nxe5 26. Bxe5 Bd6 $11 27.
Rhe1 Re7 28. f4 Bxe5 29. fxe5 f6 30. Qg3 Qc7 31. Re2 Rfe8 32. Rde1 c5 33. Qf3
fxe5 34. Qxd5+ Kh8 35. Rxe5 h6 36. Rxe7 Rxe7 37. Rf1 Qf4 38. Rc1 Qxd4 39. Qf3
Qe4 40. Qf8+ Kh7 41. g5 a4 42. gxh6 gxh6 43. Qf2 c4 44. Qd2 1/2-1/2

[Event "SV Erkenschwick 1 - SG Bochum 2"]
[Site "NRW-Klasse, Gruppe 2 2016/201"]
[Date "2016.09.25"]
[Round "1.8"]
[White "Strozewski, Frank"]
[Black "Butschek, Marc"]
[Result "0-1"]
[WhiteElo "1935"]
[BlackElo "1961"]
[PlyCount "136"]
[EventDate "2016.??.??"]
[WhiteTeam "SV Erkenschwick 1"]
[BlackTeam "SG Bochum 2"]

1. c4 f5 2. d4 Nf6 3. Nc3 g6 4. g3 Bg7 5. Bg2 O-O 6. Nf3 d6 7. O-O Nc6 8. b3 e5
9. dxe5 dxe5 10. Ba3 Re8 11. Qxd8 Rxd8 12. Rad1 Rxd1 13. Rxd1 e4 14. Ng5 h6 15.
Nh3 Be6 16. Nb5 Ne8 17. Nf4 Kf7 18. e3 g5 19. Ne2 a6 20. Nbc3 Ne5 21. h3 h5 22.
Nd4 Rd8 23. Nd5 Bxd5 24. Nxf5 Be6 25. Nh6+ Bxh6 26. Rxd8 Bf5 27. Rd5 Ke6 28.
Bb2 Bg7 29. Kf1 Nd6 30. Bc3 Bf6 31. a4 b6 32. Ke2 g4 33. h4 Nd3 34. Bxf6 Kxf6
35. Kd2 Ke6 36. Kc3 c6 37. Rd4 Ke5 38. Bf1 Nxf2 39. b4 Nd3 40. Bxd3 exd3 41. c5
bxc5 42. bxc5 Ne4+ 43. Kxd3 Nxc5+ 44. Kc4 Nxa4 45. Rd8 c5 46. Re8+ Be6+ 47. Kd3
c4+ 48. Kc2 Nc5 49. Rh8 Bf7 50. Rf8 Kf6 51. Ra8 Ne4 52. Rxa6+ Kg7 53. Ra4 Nxg3
54. Kc3 Nf5 55. e4 Nd6 56. Kd2 Nxe4+ 57. Ke3 Nd6 58. Kf4 Kf6 59. Ra5 Bg6 60.
Ra6 Ke6 61. Kg5 Bf7 62. Ra5 Kd7 63. Kf6 c3 64. Ra1 g3 65. Ke5 Bc4 66. Rg1 c2
67. Kd4 g2 68. Ke3 Ne4 0-1

[Event "Brühler SK 1 - Bochumer SV 1"]
[Site "NRW-Klasse, Gruppe 1 2016/201"]
[Date "2017.05.21"]
[Round "9.1"]
[White "Zaitsev, Mikhail"]
[Black "Loifenfeld, Jakov"]
[Result "1/2-1/2"]
[WhiteElo "2426"]
[BlackElo "2413"]
[PlyCount "62"]
[EventDate "2017.??.??"]
[WhiteTeam "Bochumer SV 1"]
[BlackTeam "Brühler SK 1"]

1. e4 d5 2. exd5 Qxd5 3. d4 Nc6 4. Nf3 Bg4 5. Be2 O-O-O 6. Be3 e5 7. c4 Qa5+ 8.
Bd2 Bb4 9. d5 Bxf3 10. Bxf3 Bxd2+ 11. Nxd2 Nd4 12. O-O Nf6 13. Nb3 Nxf3+ 14.
Qxf3 Qb4 15. Rac1 Rhe8 16. Rc3 Kb8 17. Qe2 Qd6 18. Na5 Qa6 19. Ra3 Nxd5 20.
Nxb7 Qxb7 21. cxd5 Ka8 22. Qc4 Qxd5 23. Qxc7 Qb7 24. Qc2 g6 25. Rb3 Qd5 26. Rc3
Re7 27. h3 e4 28. Rc1 Qb7 29. Rb3 Qd7 30. Qc5 f5 31. a4 Ree8 1/2-1/2

[Event "Brühler SK 1 - Bochumer SV 1"]
[Site "NRW-Klasse, Gruppe 1 2016/201"]
[Date "2017.05.21"]
[Round "9.2"]
[White "Keller, Thomas"]
[Black "Zatonskih, Anna"]
[Result "1/2-1/2"]
[WhiteElo "2224"]
[BlackElo "2451"]
[PlyCount "29"]
[EventDate "2017.??.??"]
[WhiteTeam "Brühler SK 1"]
[BlackTeam "Bochumer SV 1"]

1. e4 e6 2. d3 d5 3. Qe2 Nf6 4. Nf3 c5 5. g3 Nc6 6. Bg2 Be7 7. O-O O-O 8. e5
Nd7 9. c4 Nb6 10. b3 f5 11. exf6 Bxf6 12. Bb2 Bxb2 13. Qxb2 Qf6 14. Qxf6 gxf6
15. Nc3 1/2-1/2

[Event "Brühler SK 1 - Bochumer SV 1"]
[Site "NRW-Klasse, Gruppe 1 2016/201"]
[Date "2017.05.21"]
[Round "9.3"]
[White "Illner, Achim"]
[Black "Schaefer, Juergen"]
[Result "1-0"]
[WhiteElo "2438"]
[BlackElo "2164"]
[PlyCount "49"]
[EventDate "2017.??.??"]
[WhiteTeam "Bochumer SV 1"]
[BlackTeam "Brühler SK 1"]

1. d4 g6 2. e4 Bg7 3. Nf3 d6 4. Nc3 Nf6 5. Be3 a6 6. Qd2 b5 7. Bh6 O-O 8. Bd3
c5 9. Bxg7 Kxg7 10. dxc5 dxc5 11. e5 Ng8 12. Qe3 Bb7 13. Qxc5 Nd7 14. Qe3 Bxf3
15. gxf3 Qc7 16. f4 f6 17. O-O-O fxe5 18. f5 Ngf6 19. fxg6 h6 20. Bf5 Nb6 21.
Rhe1 Nc4 22. Qe2 Qc5 23. Be6 Nxb2 24. Kxb2 Qb4+ 25. Bb3 1-0

[Event "Brühler SK 1 - Bochumer SV 1"]
[Site "NRW-Klasse, Gruppe 1 2016/201"]
[Date "2017.05.21"]
[Round "9.4"]
[White "Schiffer, Stefan"]
[Black "Schneider, Bernd"]
[Result "1/2-1/2"]
[WhiteElo "2211"]
[BlackElo "2285"]
[PlyCount "51"]
[EventDate "2017.??.??"]
[WhiteTeam "Brühler SK 1"]
[BlackTeam "Bochumer SV 1"]

1. e4 g6 2. d4 Bg7 3. Nc3 c6 4. Nf3 d5 5. Be2 Nh6 6. O-O O-O 7. Bf4 f6 8. Re1
Nf7 9. exd5 cxd5 10. Bg3 Nc6 11. Qd2 Bf5 12. Nh4 Bc8 13. f4 e6 14. Nf3 Bd7 15.
Rad1 Nd6 16. Bf2 Rc8 17. Bd3 Bh6 18. Nb5 Nxb5 19. Bxb5 Qb6 20. Bxc6 Rxc6 21. c3
Qc7 22. Be3 b5 23. a3 a5 24. Rc1 Qb8 25. g4 Bg7 26. Rf1 1/2-1/2

[Event "Brühler SK 1 - Bochumer SV 1"]
[Site "NRW-Klasse, Gruppe 1 2016/201"]
[Date "2017.05.21"]
[Round "9.5"]
[White "Wolter, Detlev"]
[Black "Haskelman, Evgen"]
[Result "1-0"]
[WhiteElo "2205"]
[BlackElo "2108"]
[PlyCount "87"]
[EventDate "2017.??.??"]
[WhiteTeam "Bochumer SV 1"]
[BlackTeam "Brühler SK 1"]

1. d4 f5 2. Nc3 d5 3. Bf4 Nf6 4. e3 e6 5. Nb5 Na6 6. c4 c6 7. Nc3 Nc7 8. Bd3
Be7 9. Nf3 O-O 10. Qc2 Nce8 11. Ne5 Nd6 12. h3 Nfe4 13. Bh2 Bf6 14. c5 Nf7 15.
Nxf7 Rxf7 16. O-O Rf8 17. b4 Ng5 18. b5 Nf7 19. bxc6 bxc6 20. Qa4 Qe8 21. f4 g5
22. Rab1 Kh8 23. Be2 gxf4 24. exf4 Nd8 25. Kh1 Rg8 26. Rf3 Bh4 27. Nd1 Rg6 28.
Ne3 Qg8 29. Bf1 Bf6 30. Nc2 Bd7 31. Rfb3 Nf7 32. Rb7 Be8 33. Rb8 Rxb8 34. Rxb8
Nd8 35. Qa5 Bf7 36. Qxa7 Rg7 37. Qb6 Bh5 38. Nb4 Qe8 39. Nxc6 Rd7 40. Ne5 Rg7
41. c6 Qe7 42. Nd7 Rg8 43. Nxf6 Qxf6 44. c7 1-0